000
00175 a2200097 4500
041
_a
eng
100
_a
Davis, Nathan
245
_a
Finishing well
942
_c
BK
952
_7
1
999
_c
18280
_d
18280